[Event "7. LGA Premium Cup"]
[Site "Nürnberg"]
[Date "2010.09.05"]
[Round "7.60"]
[White "Herning, Jens"]
[Black "Luther, Helmut"]
[Result "1/2-1/2"]
[WhiteElo "2151"]
[BlackElo "2020"]
[PlyCount "118"]
[EventDate "2010.09.02"]
[WhiteTeam "SG Büchenbach/Roth e.V."]
[BlackTeam "SW Nürnberg Süd e.V."]

1. d4 d5 2. c4 e6 3. Nc3 Nf6 4. Bg5 Nbd7 5. e3 c6 6. Nf3 Qa5 7. Nd2 dxc4 8.
Bxf6 Nxf6 9. Nxc4 Qd8 10. Be2 Be7 11. O-O O-O 12. f4 c5 13. Bf3 cxd4 14. exd4
Rb8 15. Ne5 Qb6 16. Na4 Qa5 17. Qb3 Bd7 18. Nc3 Qb4 19. Rfd1 Qxb3 20. axb3 a6
21. d5 exd5 22. Nxd5 Bc5+ 23. Kh1 Be6 24. Nxf6+ gxf6 25. Nd7 Bxd7 26. Rxd7 b6
27. Rxa6 Rbd8 28. Raa7 Rxd7 29. Rxd7 Re8 30. g3 Re7 31. Rd2 Kg7 32. Bc6 Bb4 33.
Rc2 Re1+ 34. Kg2 Rd1 35. Rc4 Rd2+ 36. Kf3 Bc5 37. b4 Rd4 38. Rxd4 Bxd4 39. b3
Bg1 40. h3 h6 41. Ke4 Bf2 42. g4 Be1 43. b5 Bf2 44. Bd5 Be1 45. Bc4 Bf2 46. Kd5
Be3 47. Kc6 Bf2 48. Kd7 Kf8 49. Bd5 Be3 50. Kc6 Kg7 51. h4 Bf2 52. Be4 Be3 53.
Bf5 Bf2 54. h5 Be3 55. Bd3 Bf2 56. Kd7 Be3 57. Ke7 Bxf4 58. Bc4 Be3 59. Bxf7
Bg1 1/2-1/2

[Event "7. LGA Premium Cup"]
[Site "Nürnberg"]
[Date "2010.09.05"]
[Round "7.62"]
[White "Schupp, Uwe"]
[Black "Nöckler, Alexander"]
[Result "1-0"]
[WhiteElo "2133"]
[BlackElo "2003"]
[PlyCount "129"]
[EventDate "2010.09.02"]
[WhiteTeam "SC Bad Nauheim"]
[BlackTeam "Schachklub Weiden 1907"]

1. g3 Nf6 2. Bg2 d5 3. Nf3 e6 4. O-O c5 5. c4 Be7 6. b3 b6 7. Bb2 Nbd7 8. cxd5
exd5 9. d4 Bb7 10. dxc5 bxc5 11. Nh4 g6 12. Nc3 Nb6 13. a4 a5 14. Rc1 O-O 15.
Nb5 Ne4 16. Nf3 Nd6 17. Rxc5 Ndc4 18. Rc7 Nxb2 19. Qd4 Ba6 20. Qxb6 Bxb5 21.
axb5 a4 22. bxa4 Nxa4 23. Qc6 Bb4 24. Ne5 Nc3 25. b6 Qd6 26. b7 Ra6 27. Qxd6
Bxd6 28. Rxc3 Bxe5 29. Rc8 Rb6 30. Bxd5 Kg7 31. Rfc1 Rb5 32. Bf3 Rb2 33. Ra8
Rb8 34. Rc8 R8xb7 35. Bxb7 Rxb7 36. Kg2 Rd7 37. Rc2 Re7 38. Rca2 Bd4 39. e3 Bc5
40. Rc8 Bb4 41. Rb2 Ba3 42. Rb3 Bd6 43. Rc6 Be5 44. Rcb6 h6 45. Rb7 Re6 46. Rd7
Ba1 47. Rbb7 Rf6 48. f4 g5 49. Kf3 Kg6 50. Re7 Bc3 51. Rec7 Bd2 52. Rd7 Bc3 53.
Rd3 Rc6 54. g4 f5 55. gxf5+ Kxf5 56. e4+ Kg6 57. e5 gxf4 58. Rd6+ Rxd6 59. exd6
Kf6 60. d7 Ke7 61. Kxf4 Bf6 62. Ke4 h5 63. Kd5 Bg5 64. Kc6 Bf4 65. h3 1-0

[Event "7. LGA Premium Cup"]
[Site "Nürnberg"]
[Date "2010.09.05"]
[Round "7.63"]
[White "Dünzel, Jonas"]
[Black "Süß, Helmut"]
[Result "1/2-1/2"]
[WhiteElo "2117"]
[BlackElo "1989"]
[PlyCount "58"]
[EventDate "2010.09.02"]
[WhiteTeam "Schachclub 90 Niesky"]
[BlackTeam "SC Noris-Tarrasch Nürnberg 1873"]

1. d4 d6 2. e4 Nf6 3. Nf3 Nxe4 4. Bd3 Nf6 5. Bg5 Bg4 6. Nbd2 Nbd7 7. c3 c6 8.
Qb3 Qb6 {(=)} 9. Qc2 Bh5 10. Nh4 Bg6 11. Nxg6 hxg6 12. Nc4 Qc7 13. Ne3 d5 14.
h3 e6 15. O-O-O Be7 16. Kb1 O-O-O 17. Rde1 Rde8 18. Rhf1 Nh5 19. Bxe7 Rxe7 20.
g3 Nhf6 21. h4 Ree8 22. f4 Kb8 23. Qf2 c5 24. Rc1 cxd4 25. cxd4 Qb6 26. Nd1 Rc8
27. Nc3 Rc7 28. Rc2 Rhc8 29. Rfc1 Ng4 1/2-1/2

[Event "7. LGA Premium Cup"]
[Site "Nürnberg"]
[Date "2010.09.05"]
[Round "7.64"]
[White "Nuding, Matthias"]
[Black "Schlötterer, Hermann"]
[Result "1-0"]
[WhiteElo "2130"]
[BlackElo "1980"]
[PlyCount "87"]
[EventDate "2010.09.02"]
[WhiteTeam "SW Nürnberg Süd e.V."]
[BlackTeam "SC Noris-Tarrasch Nürnberg 1873"]

1. c4 Nf6 2. g3 g6 3. Bg2 Bg7 4. Nc3 d6 5. d3 e5 6. Bd2 Nc6 7. Rb1 O-O 8. b4 h6
9. b5 Ne7 10. e4 Ne8 11. Nge2 f5 12. Qc1 g5 13. exf5 Nxf5 14. O-O Bf6 15. Nd5
Neg7 16. Bc3 Ne6 17. Qd2 Bg7 18. Ne3 Ne7 19. d4 exd4 20. Nxd4 Nc5 21. Nb3 Nd7
22. Bxg7 Kxg7 23. Rbd1 Ng6 24. c5 Nde5 25. Qd4 Qf6 26. cxd6 Bh3 27. Qe4 Bxg2
28. Kxg2 cxd6 29. Qxb7+ Kh8 30. Nd4 Rae8 31. Kh1 Rf7 32. Qe4 h5 33. Nd5 Qd8 34.
f4 gxf4 35. gxf4 Qh4 36. Qe1 Ref8 37. Qxh4 Nxh4 38. Ne6 Nef3 39. Nxf8 Rxf8 40.
Rd3 Ng5 41. Rg3 Ne4 42. Rh3 Nf5 43. Rxh5+ Kg8 44. Rxf5 1-0

[Event "7. LGA Premium Cup"]
[Site "Nürnberg"]
[Date "2010.09.05"]
[Round "7.65"]
[White "Hartmann, Thomas"]
[Black "Hund, Gerhard"]
[Result "1-0"]
[WhiteElo "1986"]
[BlackElo "2119"]
[PlyCount "131"]
[EventDate "2010.09.02"]
[WhiteTeam "SC Weisse Dame Ulm e.V."]
[BlackTeam "SK Mering"]

1. d4 d5 2. c4 e6 3. Nc3 Nf6 4. cxd5 exd5 5. Bg5 Nbd7 6. e3 c6 7. Qc2 Qa5 8.
Bd3 h6 9. Bh4 Bd6 10. Nge2 O-O 11. O-O Re8 12. a3 a6 13. Bg3 Qc7 14. b4 Bxg3
15. Nxg3 Nf8 16. Rac1 Qe7 17. Na4 Bg4 18. h3 Be6 19. Nc5 Rac8 20. a4 Rc7 21.
Qb1 N8d7 22. Nxe6 fxe6 23. b5 axb5 24. axb5 e5 25. Bf5 c5 26. Bxd7 Nxd7 27.
dxc5 Rxc5 28. Qg6 Qe6 29. Qxe6+ Rxe6 30. Rxc5 Nxc5 31. Rd1 d4 32. exd4 exd4 33.
Rxd4 Re1+ 34. Kh2 Rb1 35. Nf5 Rxb5 36. Rg4 Ne6 37. Nxh6+ Kf8 38. Re4 Ke7 39.
Ng4 Kd6 40. Ne3 Rb1 41. f3 b5 42. Nc2 Rb2 43. Nd4 Nxd4 44. Rxd4+ Kc6 45. Rg4 b4
46. Rxg7 b3 47. Rg8 Kc7 48. Rg4 Rc2 49. Rb4 b2 50. h4 Kd7 51. Kh3 Ke7 52. g3
Kf7 53. Rb6 Kg7 54. Kg4 Kg8 55. f4 Rg2 56. h5 Kh7 57. Kh4 Kg7 58. g4 Rc2 59.
Kg5 Kg8 60. Rb7 Kh8 61. f5 Kg8 62. Kg6 Kf8 63. h6 Rh2 64. h7 Rh4 65. Rxb2 Rxg4+
66. Kf6 1-0

[Event "7. LGA Premium Cup"]
[Site "Nürnberg"]
[Date "2010.09.05"]
[Round "7.66"]
[White "Zeitler, Hans-Jürgen"]
[Black "Miller, Eduard"]
[Result "0-1"]
[WhiteElo "1970"]
[BlackElo "2110"]
[PlyCount "86"]
[EventDate "2010.09.02"]
[WhiteTeam "SC Waischenfeld"]
[BlackTeam "SC Forchheim e.V."]

1. d4 e6 2. c4 Bb4+ 3. Bd2 Bxd2+ 4. Qxd2 d5 5. Nc3 Nf6 6. Nf3 O-O 7. e3 Nbd7 8.
Rc1 Qe7 9. Bd3 dxc4 10. Bxc4 c5 11. O-O cxd4 12. exd4 Nb6 13. Bb3 Bd7 14. Ne5
Rfd8 15. Rfd1 Be8 16. Qe3 Nbd5 17. Qf3 h6 18. Nxd5 Nxd5 19. Rc5 Nb6 20. Qe4 Ba4
21. Rdc1 Bxb3 22. axb3 Nd5 23. h3 Rf8 24. Ng6 fxg6 25. Rxd5 Qf7 26. Rd6 Qxf2+
27. Kh1 Qg3 28. Rxe6 Kh7 29. Re7 Rf2 30. Qxb7 Rg8 31. Qe4 Rgf8 32. Rg1 R8f3 33.
Qg4 Rxg2 34. Qxg3 Rgxg3 35. Rc1 Rxh3+ 36. Kg2 Rfg3+ 37. Kf2 Rxb3 38. Rcc7 Rxb2+
39. Kg1 Rg3+ 40. Kh1 h5 41. Rxg7+ Kh6 42. Rxa7 Rd3 43. Rh7+ Kg5 0-1

[Event "7. LGA Premium Cup"]
[Site "Nürnberg"]
[Date "2010.09.05"]
[Round "7.67"]
[White "Weissbeck, Wolf-Dieter"]
[Black "Kregelin, Jan"]
[Result "0-1"]
[WhiteElo "1708"]
[BlackElo "2090"]
[PlyCount "106"]
[EventDate "2010.09.02"]
[WhiteTeam "SV Alsfeld"]
[BlackTeam "SC Hoyerswerda"]

1. e4 c6 2. d4 d5 3. e5 Bf5 4. Bd3 Bxd3 5. Qxd3 e6 6. f4 g6 7. Nd2 Qb6 8. Ngf3
Qa6 9. Ke2 Qxd3+ 10. Kxd3 Na6 11. c3 c5 12. Nf1 Ne7 13. Bd2 Nc6 14. a3 c4+ 15.
Ke2 Be7 16. Be1 Na5 17. N1d2 Nb8 18. Bf2 Nd7 19. Ne1 b5 20. Nc2 Nb6 21. Ne3 Na4
22. Rhb1 Kd7 23. Kd1 Rac8 24. Kc2 Nc6 25. Be1 Rc7 26. b4 cxb3+ 27. Nxb3 a6 28.
Ra2 Na7 29. Kd3 Nc8 30. Na5 Ncb6 31. Rc1 h5 32. h3 Nc8 33. Rcc2 Na7 34. Nd1 Nc8
35. Ne3 Ncb6 36. h4 Nc4 37. Naxc4 bxc4+ 38. Ke2 Rb7 39. g3 Rb1 40. Nd1 Rhb8 41.
Kd2 R1b3 42. Kc1 Kc6 43. Kd2 R8b5 44. Kc1 Ra5 45. Nb2 Nxb2 46. Rcxb2 Bxa3 47.
Rxa3 Raxa3 48. Kb1 Rxc3 49. Bxc3 Rxc3 50. Rb8 Rb3+ 51. Rxb3 cxb3 52. Kb2 Kb5
53. Kxb3 a5 0-1

[Event "7. LGA Premium Cup"]
[Site "Nürnberg"]
[Date "2010.09.05"]
[Round "7.68"]
[White "Eber, Fabian"]
[Black "Lange, Carsten"]
[Result "1/2-1/2"]
[WhiteElo "1942"]
[BlackElo "2062"]
[PlyCount "88"]
[EventDate "2010.09.02"]
[WhiteTeam "SF Wilhermsdorf e.V."]
[BlackTeam "SK Zirndorf e.V."]

1. e4 c5 2. Nf3 e6 3. c3 Nf6 4. e5 Nd5 5. Bc4 Nb6 6. Bb3 d6 7. O-O Nc6 8. d4
dxe5 9. dxe5 Qxd1 10. Rxd1 Be7 11. Nbd2 Bd7 12. Ne4 c4 13. Bc2 Nd5 14. a4 Na5
15. Nd4 a6 16. f4 O-O 17. g4 g6 18. g5 Rfd8 19. Kf2 b6 20. Be3 Rac8 21. Nf6+
Nxf6 22. gxf6 Bc5 23. h4 h5 24. Nf3 Bxe3+ 25. Kxe3 Bc6 26. Rxd8+ Rxd8 27. Nd4
Bd5 28. Rg1 Kf8 29. Rd1 Ke8 30. Ne2 Bc6 31. Rd4 Rxd4 32. cxd4 b5 33. axb5 axb5
34. Kd2 b4 35. Ke3 Nb7 36. Ng1 Nd8 37. Nh3 Kf8 38. Nf2 Ke8 39. Nd1 Kd7 40. Nf2
Kc7 41. Nh3 Kb6 42. Ng5 Be8 43. Ne4 Nb7 44. Nd2 Na5 1/2-1/2

[Event "7. LGA Premium Cup"]
[Site "Nürnberg"]
[Date "2010.09.05"]
[Round "7.69"]
[White "Meulner, Klaus"]
[Black "Beesk, Kevin"]
[Result "1-0"]
[WhiteElo "2188"]
[BlackElo "1547"]
[PlyCount "83"]
[EventDate "2010.09.02"]
[WhiteTeam "SW Nürnberg Süd e.V."]
[BlackTeam "SK Neumarkt e.V."]

1. Nf3 Nf6 2. c4 c5 3. Nc3 g6 4. d4 cxd4 5. Nxd4 d6 6. e4 Bg7 7. Be2 O-O 8. Be3
Nc6 9. O-O Bd7 10. Rc1 a6 11. f3 Rb8 12. Nb3 Ne5 13. Qd2 Qc7 14. Nd5 Nxd5 15.
cxd5 Qd8 16. Qb4 b5 17. Bd4 Rc8 18. Rxc8 Qxc8 19. Rc1 Qb8 20. f4 Ng4 21. Bxg7
Kxg7 22. Qd4+ Kg8 23. h3 Nh6 24. Na5 Re8 25. g4 f6 26. Nc6 Qb7 27. e5 fxe5 28.
fxe5 dxe5 29. Nxe5 Rc8 30. Nc6 Bxc6 31. dxc6 Qc7 32. Bf3 Nf7 33. Bg2 Rd8 34.
Qe3 Rd6 35. Rf1 Nd8 36. Qb3+ e6 37. Qf3 Nf7 38. Kh1 e5 39. Qb3 Kg7 40. Qa3 a5
41. Qc5 b4 42. Bd5 1-0

[Event "7. LGA Premium Cup"]
[Site "Nürnberg"]
[Date "2010.09.05"]
[Round "7.70"]
[White "Osmanovic, Faruk"]
[Black "Zikeli, Julia"]
[Result "1-0"]
[WhiteElo "2118"]
[BlackElo "1844"]
[PlyCount "65"]
[EventDate "2010.09.02"]
[WhiteTeam "SC Blau.Turm Bad Wimpfen"]
[BlackTeam "SG Schwäb.Gmünd 1872 e.V"]

1. e4 c5 2. Nf3 d6 3. d4 cxd4 4. Nxd4 Nf6 5. Nc3 a6 6. f4 e5 7. Nf3 Nbd7 8. a4
Be7 9. Bd3 b6 10. O-O Bb7 11. Qe2 Qc7 12. Kh1 O-O 13. Nh4 Rfe8 14. Nf5 Bf8 15.
fxe5 Nxe5 16. Bg5 Ned7 17. Nh6+ gxh6 18. Bxf6 Nxf6 19. Rxf6 Bg7 20. Qg4 Kf8 21.
Rf3 Bc8 22. Qf4 Re6 23. Nd5 Qb7 24. Raf1 Ra7 25. b3 Re5 26. Qh4 Rg5 27. Qf2 Be6
28. Nxb6 Qc7 29. Bc4 Bxc4 30. Nxc4 Rh5 31. h3 Qe7 32. Nxd6 Rd7 33. Rxf7+ 1-0

[Event "7. LGA Premium Cup"]
[Site "Nürnberg"]
[Date "2010.09.05"]
[Round "7.72"]
[White "Sieber, Heiko"]
[Black "Balhar, Michael"]
[Result "1-0"]
[WhiteElo "2066"]
[BlackElo "1812"]
[PlyCount "55"]
[EventDate "2010.09.02"]
[WhiteTeam "PTSV SK Hof 1892"]
[BlackTeam "SC Erlangen 48/88"]

1. d4 d5 2. Nf3 Nf6 3. c4 dxc4 4. e3 e6 5. Bxc4 a6 6. a4 c5 7. O-O Nc6 8. Nc3
cxd4 9. exd4 Be7 10. Re1 O-O 11. Bg5 Nb4 12. Qb3 Re8 13. Bxf6 gxf6 14. d5 exd5
15. Nxd5 Nxd5 16. Bxd5 Rf8 17. Rad1 Qc7 18. Rd4 Rb8 19. Rde4 Bd6 20. Rc4 Qa5
21. Qd3 Qd8 22. Rh4 f5 23. Rd4 Kg7 24. Bxf7 Bxh2+ 25. Nxh2 Qa5 26. Re7 Rxf7 27.
Qg3+ Kf8 28. Rxf7+ 1-0

[Event "7. LGA Premium Cup"]
[Site "Nürnberg"]
[Date "2010.09.05"]
[Round "7.73"]
[White "Bilchinski, Anton"]
[Black "Millikan, Erlend"]
[Result "1/2-1/2"]
[WhiteElo "1713"]
[BlackElo "1754"]
[PlyCount "73"]
[EventDate "2010.09.02"]
[WhiteTeam "SK 1908 Göggingen"]
[BlackTeam "USA"]
[BlackTeamCountry "USA"]

1. d4 d5 2. c4 c6 3. Nc3 e6 4. Nf3 Nf6 5. Bg5 h6 6. Bh4 Nbd7 7. e3 a6 8. Bd3
dxc4 9. Bxc4 b5 10. Bd3 c5 11. O-O g5 12. Bg3 c4 13. Bb1 Bb7 14. a3 Nd5 15.
Nxd5 exd5 16. Qc2 Bg7 17. Re1 h5 18. h3 g4 19. hxg4 hxg4 20. Nh2 Nf6 21. Qf5
Bc8 22. Qe5+ Qe7 23. Nf1 Be6 24. Qd6 Qxd6 25. Bxd6 O-O-O 26. Bb4 Kb7 27. Ng3
Nh5 28. Nf5 Bxf5 29. Bxf5 Nf6 30. Be7 Rdg8 31. g3 Rh5 32. Bc2 Rgh8 33. Kf1 Rh1+
34. Ke2 Rxe1+ 35. Rxe1 Ne4 36. Bxe4 dxe4 37. Bb4 1/2-1/2

[Event "7. LGA Premium Cup"]
[Site "Nürnberg"]
[Date "2010.09.05"]
[Round "7.74"]
[White "Babichev, Vyacheslav"]
[Black "Wörl, Richard"]
[Result "1-0"]
[WhiteElo "1785"]
[BlackElo "2042"]
[PlyCount "135"]
[EventDate "2010.09.02"]
[WhiteTeam "SW Nürnberg Süd e.V."]
[BlackTeam "SW Nürnberg Süd e.V."]

1. e4 c5 2. Nc3 d6 3. g3 Nf6 4. Bg2 Nc6 5. Nge2 Bg4 6. f3 Bd7 7. O-O e5 8. d3
Be7 9. Be3 h6 10. Nd5 Nxd5 11. exd5 Nd4 12. c3 Nf5 13. Bf2 Bg5 14. f4 exf4 15.
Nxf4 O-O 16. Qf3 Bf6 17. Bh3 Be5 18. Ng2 Nxg3 19. Bxg3 Bxh3 20. Bxe5 Bxg2 21.
Qxg2 dxe5 22. Rf5 f6 23. Kh1 Qd7 24. Rh5 Kh7 25. Rg1 Qf7 26. Rh3 Rad8 27. c4 f5
28. Rg3 g5 29. Qh3 g4 30. Qf1 h5 31. Qe1 Qg7 32. R3g2 Rde8 33. h3 Qg5 34. Qa5
f4 35. hxg4 f3 36. Rh2 h4 37. Qxc5 Rf4 38. Qf2 e4 39. Rxh4+ Kg6 40. Rh5 Qf6 41.
Qe3 Re5 42. Rh2 Rg5 43. dxe4 f2 44. Rf1 Qe5 45. Rfxf2 Rfxg4 46. Rfg2 Qxe4 47.
Qxe4+ Rxe4 48. Rxg5+ Kxg5 49. b3 Re1+ 50. Kg2 Kf4 51. Kf2 Ra1 52. Rh4+ Ke5 53.
Ke3 Rxa2 54. Kd3 a5 55. Rh6 b5 56. Re6+ Kf5 57. cxb5 a4 58. bxa4 Rxa4 59. Kc3
Ra1 60. Re2 Rc1+ 61. Kd4 Kf6 62. d6 Rc8 63. Kd5 Rc1 64. b6 Rb1 65. Kc6 Rc1+ 66.
Kd7 Rb1 67. Ke8 Rxb6 68. d7 1-0

[Event "7. LGA Premium Cup"]
[Site "Nürnberg"]
[Date "2010.09.05"]
[Round "7.75"]
[White "Renner, Gabriele"]
[Black "Hirschmann, Jakob"]
[Result "1-0"]
[WhiteElo "2008"]
[BlackElo "1805"]
[PlyCount "67"]
[EventDate "2010.09.02"]
[WhiteTeam "FC Bayern München e.V."]
[BlackTeam "SG Reil-Kinheim"]

1. e4 e6 2. d4 d5 3. exd5 exd5 4. Bd3 Nc6 5. c3 Bd6 6. Nf3 Bg4 7. O-O Nge7 8.
Re1 Qd7 9. Nbd2 O-O-O 10. b4 Ng6 11. Qc2 Nf4 12. Bf1 h5 13. Ne5 Bxe5 14. dxe5
d4 15. Qe4 g5 16. b5 Ne7 17. Nb3 dxc3 18. Bxf4 gxf4 19. Qxf4 Ng6 20. Qe3 Kb8 {
(=)} 21. Qxc3 Rhg8 22. Rac1 Nh4 23. Nc5 Qd4 24. Na6+ bxa6 25. Qxc7+ Ka8 26.
Qc6+ Kb8 {(=)} 27. bxa6 Qb6 28. Rb1 Nf3+ 29. Kh1 Rd7 30. Rxb6+ axb6 31. Rb1 Nd4
32. Rxb6+ Ka7 33. Rb7+ Ka8 34. Qb6 1-0

[Event "7. LGA Premium Cup"]
[Site "Nürnberg"]
[Date "2010.09.05"]
[Round "7.76"]
[White "Knapp, Michael"]
[Black "Rausch, Wolfgang"]
[Result "1-0"]
[WhiteElo "1989"]
[BlackElo "1794"]
[PlyCount "41"]
[EventDate "2010.09.02"]
[WhiteTeam "SV Mendig-Mayen e.V."]
[BlackTeam "VSG 1880 Offenbach"]

1. d4 e6 2. c4 d5 3. Nc3 f5 4. g3 Nf6 5. Bg2 c6 6. cxd5 cxd5 7. Nf3 Nc6 8. Bf4
a6 9. O-O Be7 10. Rc1 O-O 11. Na4 Bd6 12. Ne5 Bxe5 13. Bxe5 Nxe5 14. dxe5 Nd7
15. Qd4 Qa5 16. a3 Re8 17. Rc3 Nxe5 18. Nb6 Nc6 19. Rxc6 bxc6 20. Nxa8 c5 21.
b4 1-0

[Event "7. LGA Premium Cup"]
[Site "Nürnberg"]
[Date "2010.09.05"]
[Round "7.77"]
[White "Ortpaul, Mario"]
[Black "Rösch, Mario"]
[Result "1-0"]
[WhiteElo "1958"]
[BlackElo "1775"]
[PlyCount "77"]
[EventDate "2010.09.02"]
[WhiteTeam "Schachklub Halle 1946 e.V."]
[BlackTeam "SK Freiburg Zähringen 1887 e.V."]

1. Nf3 Nf6 2. d4 g6 3. Bf4 Bg7 4. Nbd2 d6 5. e3 b6 6. Be2 Bb7 7. c4 Nbd7 8. b4
O-O 9. h3 Ne4 10. Nxe4 Bxe4 11. Rc1 a5 12. b5 e5 13. Bg3 Qe8 14. O-O Bb7 15.
Qc2 Qe7 16. Rfe1 Rac8 17. Rcd1 e4 18. Nd2 f5 19. Bf1 h6 20. a4 Kh7 21. Nb3 c5
22. dxc5 dxc5 23. Bd6 Qf7 24. Bxf8 Rxf8 25. Rd2 f4 26. exf4 Re8 27. Red1 Nf8
28. Re1 Qxf4 29. g3 Qf6 30. Bg2 Qc3 31. Re3 Qe5 32. Rde2 Qf5 33. Bxe4 Rxe4 34.
Rxe4 Qxh3 35. R2e3 Bxe4 36. Qxe4 Qd7 37. Rd3 Qf7 38. Rd6 Nd7 39. Qb7 1-0

[Event "7. LGA Premium Cup"]
[Site "Nürnberg"]
[Date "2010.09.05"]
[Round "7.78"]
[White "Thürauf, Peter"]
[Black "Wettermann, Bernd"]
[Result "1/2-1/2"]
[WhiteElo "1920"]
[BlackElo "1768"]
[PlyCount "31"]
[EventDate "2010.09.02"]
[WhiteTeam "SW Nürnberg Süd e.V."]
[BlackTeam "FC Konradsreuth"]

1. d4 f5 2. g3 Nf6 3. Bg2 e6 4. c4 Be7 5. Nc3 O-O 6. Nf3 d6 7. O-O Nc6 8. b3
Bd7 9. d5 exd5 10. Nxd5 Nxd5 11. Qxd5+ Kh8 12. Bb2 Rb8 13. e3 Bf6 14. Qd2 Qe8
15. Rad1 b6 16. Ba3 1/2-1/2

[Event "7. LGA Premium Cup"]
[Site "Nürnberg"]
[Date "2010.09.05"]
[Round "7.79"]
[White "Walch, Roger"]
[Black "Sha, Siyu"]
[Result "1-0"]
[WhiteElo "1734"]
[BlackElo "1918"]
[PlyCount "65"]
[EventDate "2010.09.02"]
[WhiteTeam "SW Nürnberg Süd e.V."]
[BlackTeam "SC Noris-Tarrasch Nürnberg 1873"]

1. e4 c5 2. Nf3 e6 3. Nc3 a6 4. a4 d5 5. d4 cxd4 6. Nxd4 e5 7. Nf3 d4 8. Nd5
Nc6 9. Bc4 h6 10. O-O Nf6 11. Re1 Be6 12. c3 dxc3 13. bxc3 Bc5 14. Ra2 O-O 15.
Rd2 Nd7 16. Ne3 Bxe3 17. Rxe3 Bxc4 18. Rxd7 Qb6 19. Nd2 Be6 20. Rd6 Qc7 21. Ba3
Rfc8 22. Rg3 b5 23. Qh5 Kh8 24. Nf3 b4 25. Rxe6 fxe6 26. Bc1 Qd8 27. Ng5 Ra7
28. Nxe6 Qe8 29. Rg6 Rd7 30. h3 Rd6 31. Bxh6 Rxe6 32. Bxg7+ Kg8 33. Bf6+ 1-0

[Event "7. LGA Premium Cup"]
[Site "Nürnberg"]
[Date "2010.09.05"]
[Round "7.80"]
[White "Bonk, Andras"]
[Black "Heinz, Friedrich"]
[Result "1-0"]
[WhiteElo "1859"]
[BlackElo "1768"]
[PlyCount "58"]
[EventDate "2010.09.02"]
[WhiteTeam "SV Mendig-Mayen e.V."]
[BlackTeam "SV Alsfeld"]

1. e4 d5 2. exd5 Qxd5 3. Nc3 Qa5 4. d4 Nf6 5. Bd2 c6 6. Bc4 Bg4 7. Nf3 Qb6 8.
Bxf7+ Kxf7 9. Ne5+ Kg8 10. Nxg4 Qxd4 11. Nxf6+ gxf6 12. Qe2 Nd7 13. Qe6+ Kg7
14. Be3 Qd6 15. Qg4+ Kf7 16. Rd1 Qe6 17. Qh5+ Kg8 18. O-O Ne5 19. h3 Qf7 20.
Qh4 Qg6 21. f4 Nf7 22. f5 Qg7 23. Rf3 h6 24. Rg3 Ng5 25. Qd4 Qh7 26. h4 Qf7 27.
hxg5 hxg5 28. Qe4 Rh4 29. Qe6 Kg7 1-0

[Event "7. LGA Premium Cup"]
[Site "Nürnberg"]
[Date "2010.09.05"]
[Round "7.81"]
[White "Mehringer, Jörg"]
[Black "Siegl, Pascal"]
[Result "0-1"]
[WhiteElo "1904"]
[BlackElo "1643"]
[PlyCount "72"]
[EventDate "2010.09.02"]
[WhiteTeam "SC Weisse Dame e.V."]
[BlackTeam "SW Nürnberg Süd e.V."]

1. e4 e5 2. Nf3 Nc6 3. Bc4 Bc5 4. b4 Bxb4 5. c3 Ba5 6. d4 exd4 7. O-O d6 8. Qb3
Qe7 9. cxd4 Bb6 10. Bb2 Na5 11. Qc3 Nxc4 12. Qxc4 f6 13. Re1 Be6 14. d5 Bg4 15.
Nbd2 Nh6 16. e5 O-O-O 17. exf6 Qd7 18. Re7 Qf5 19. Bd4 Rd7 20. Rae1 gxf6 21.
Bxb6 axb6 22. Qa4 Rxe7 23. Rxe7 Kd8 24. Nd4 Qc8 25. Rg7 Bd7 26. Qb3 Nf5 27.
Nxf5 Bxf5 28. Nf3 Re8 29. Qc3 Rf8 30. Qe3 Re8 31. Qh6 Bg6 32. Qh4 Qf5 33. h3
Rf8 34. Qa4 Bf7 35. Nd4 Qxd5 36. Nb5 Qc6 0-1

[Event "7. LGA Premium Cup"]
[Site "Nürnberg"]
[Date "2010.09.05"]
[Round "7.82"]
[White "Forster, Stephan"]
[Black "Neumann, Robert"]
[Result "1/2-1/2"]
[WhiteElo "1521"]
[BlackElo "1882"]
[PlyCount "61"]
[EventDate "2010.09.02"]
[WhiteTeam "SG Siemens Amberg"]
[BlackTeam "SC Noris-Tarrasch Nürnberg 1873"]

1. d4 Nf6 2. Nf3 g6 3. c4 Bg7 4. Nc3 d5 5. e3 O-O 6. Be2 c6 7. O-O Nbd7 8. b3
dxc4 9. bxc4 c5 10. Bb2 cxd4 11. exd4 a6 12. Re1 Qc7 13. Qb3 b6 14. Rad1 Bb7
15. Qc2 Rac8 16. Nd2 Rfe8 17. f3 Nh5 18. Nce4 Nf4 19. Bf1 f5 20. Nf2 e5 21. g3
Ne6 22. dxe5 Nxe5 23. Bg2 Nc5 24. f4 Bxg2 25. Kxg2 Qb7+ 26. Kf1 Ng4 27. Bxg7
Qxg7 28. Nxg4 fxg4 29. Nb3 Qb7 30. Kg1 Nxb3 31. axb3 1/2-1/2

[Event "7. LGA Premium Cup"]
[Site "Nürnberg"]
[Date "2010.09.05"]
[Round "7.83"]
[White "Matuschek, Thomas"]
[Black "Süß, Stefan"]
[Result "1/2-1/2"]
[WhiteElo "1763"]
[BlackElo "1992"]
[PlyCount "33"]
[EventDate "2010.09.02"]
[WhiteTeam "SG Siemens Amberg"]
[BlackTeam "SC Noris-Tarrasch Nürnberg 1873"]

1. Nf3 Nf6 2. b3 d5 3. Bb2 e6 4. e3 Be7 5. Be2 c5 6. d4 Nc6 7. O-O Qc7 8. Nbd2
b6 9. c4 O-O 10. Rc1 cxd4 11. Nxd4 Qd7 12. Nxc6 Qxc6 13. cxd5 Qd6 14. dxe6 Bxe6
15. Bxf6 Bxf6 16. Ne4 Qe7 17. Nxf6+ 1/2-1/2

[Event "7. LGA Premium Cup"]
[Site "Nürnberg"]
[Date "2010.09.05"]
[Round "7.84"]
[White "Adelhütte, Dennis"]
[Black "Bayer, Rolf"]
[Result "1-0"]
[WhiteElo "1942"]
[BlackElo "1732"]
[PlyCount "71"]
[EventDate "2010.09.02"]
[WhiteTeam "SC Erlangen 48/88"]
[BlackTeam "SC Noris-Tarrasch Nürnberg 1873"]

1. d4 Nf6 2. c4 e6 3. Nc3 Bb4 4. Bg5 d6 5. Qa4+ Nc6 6. d5 Bxc3+ 7. bxc3 exd5 8.
cxd5 h6 9. dxc6 b5 10. Qh4 Qe7 11. Bxf6 gxf6 12. Nf3 Be6 13. e3 d5 14. Qb4 Qd8
15. Bxb5 Rb8 16. Qc5 Rg8 17. Rg1 Rb6 18. a4 a6 19. Bd3 Qb8 20. Nd4 Qa8 21. a5
Rb2 22. Nf5 Bxf5 23. Bxf5 Rb5 24. Bd7+ Kd8 25. Qd4 Ke7 26. Qf4 Qb8 27. Qf5 Rg5
28. Qd3 Rb2 29. g4 Qb3 30. Bf5 h5 31. h4 Rg8 32. e4 Rd8 33. Rd1 Rd6 34. exd5
Qa3 35. gxh5 Qc5 36. Qe3+ 1-0

[Event "7. LGA Premium Cup"]
[Site "Nürnberg"]
[Date "2010.09.05"]
[Round "7.85"]
[White "Dreiseitel, Werner"]
[Black "Madlo-Thiess, Franziska"]
[Result "0-1"]
[WhiteElo "1487"]
[BlackElo "1906"]
[PlyCount "61"]
[EventDate "2010.09.02"]
[WhiteTeam "SC Noris-Tarrasch Nürnberg 1873"]
[BlackTeam "SC Erlangen 48/88"]

1. d4 Nf6 2. c4 c5 3. d5 e6 4. Nc3 exd5 5. cxd5 d6 6. Bf4 g6 7. h4 Bg7 8. e3
O-O 9. Bd3 Na6 10. Nf3 Nc7 11. e4 a6 12. Qd2 b5 13. a3 Re8 14. O-O Bg4 15. Nh2
c4 16. Bc2 Bc8 17. f3 h5 18. Rfe1 Rb8 19. e5 dxe5 20. Bxe5 Nfxd5 21. Bxc7 Nxc7
22. Rxe8+ Qxe8 23. Re1 Ne6 24. Nf1 Bb7 25. Qe2 Qd8 26. Bxg6 Bd4+ 27. Ne3 fxg6
28. Kf1 Qxh4 29. Qc2 Nf4 30. Ncd5 Nd3 31. Ke2 0-1

[Event "7. LGA Premium Cup"]
[Site "Nürnberg"]
[Date "2010.09.05"]
[Round "7.86"]
[White "Grasser, Stefan"]
[Black "Hirschberg, Leander"]
[Result "1-0"]
[WhiteElo "1800"]
[BlackElo "1705"]
[PlyCount "115"]
[EventDate "2010.09.02"]
[WhiteTeam "SV Hellern"]
[BlackTeam "SV Pfinztal e. V."]

1. c4 c5 2. Nc3 Nf6 3. e4 Nc6 4. d3 e5 5. g3 g6 6. Bg2 Bg7 7. Nge2 d6 8. h3 Be6
9. O-O Qd7 10. Kh2 O-O 11. Rb1 Ne8 12. f4 f5 13. Nd5 Nc7 14. Nxc7 Qxc7 15. a3
Rad8 16. b4 b6 17. Bd2 Qd7 18. b5 Ne7 19. Nc3 Rf7 20. Nd5 Bxd5 21. cxd5 Re8 22.
a4 Rff8 23. Rf2 Rc8 24. Qb3 Rce8 25. Rbf1 Rf7 26. Bc3 Kh8 27. Qb2 Ng8 28. fxe5
Bxe5 29. d4 cxd4 30. Bxd4 Nh6 31. Qd2 Bxd4 32. Qxd4+ Re5 33. exf5 Rfxf5 34. g4
Rxf2 35. Qxf2 Ng8 36. Qf8 Qe7 37. Rf7 Qxf8 38. Rxf8 Re2 39. Ra8 Re7 40. Rd8 Kg7
41. Rxd6 Nf6 42. g5 Nd7 43. Rc6 Nc5 44. d6 Rd7 45. Rc7 Kf8 46. Rxd7 Nxd7 47.
Kg3 Ne5 48. Bd5 Nf7 49. Bxf7 Kxf7 50. Kf4 Ke6 51. d7 Kxd7 52. Ke5 Ke7 53. h4
Kf7 54. Kd6 Ke8 55. Kc7 Ke7 56. Kb7 Kd7 57. Kxa7 Kc7 58. Ka6 1-0